000 00543nam a2200205 a 4500
001 17487
003 CO-ViMGA
008 141112s2004 ck r 000 u spa d
020 _a8477222363
040 _aCO-ViMGA
_bspa
_cCO-ViMGA
082 0 4 _aMISpe
100 1 _aBalanya, Ismael
_924796
245 1 0 _aEl misterio de las perlas autenticas
260 _aBarcelona (EspaƱa),
_cTimun Mas,
_c1993
300 _a109.p.
490 _aResuelve el misterio
650 1 4 _aADIVINANZAS
_9960
650 1 4 _aJUEGOS INFANTILES
_910241
942 _2ddc
_cBK
999 _c27006
_d27006